| 000 | 01187nam0a22003011 4500 | ||
|---|---|---|---|
| 001 | rc\4289217 | ||
| 005 | 20260407103154.0 | ||
| 021 |
_aRU _b67-9927 |
||
| 021 |
_aRU _bРг3096-67 |
||
| 035 | _a(NLR Aleph) 008251751 | ||
| 090 |
_a8340467 _c8340467 |
||
| 100 | _a20130416d1966 |||y0rusy50 ca | ||
| 101 | 0 | _arus | |
| 102 | _aRU | ||
| 105 | _ay z ||||| | ||
| 200 | 1 |
_aМетоды воспитания _e(Из курса лекций по педагогике) _fМ-во прос. РСФСР. Рост. н/Д. гос. пед. ин-т |
|
| 210 |
_aРостов-на-Дону _cБ. и. _d1966 |
||
| 215 |
_a52 с. _d20 |
||
| 300 | _aНа обороте тит. л. авт.: канд. пед наук Е.В. Бондаревская | ||
| 320 | _aБиблиогр.: с. 52 | ||
| 333 | _aНа правах рукописи | ||
| 700 | 1 |
_aБондаревская _bЕ.В. _gЕвгения Васильевна |
|
| 712 | 0 | 2 |
_aРостовский-на-Дону государственный педагогический институт _3RU\NLR\AUTH\889931814 _9359036 |
| 801 | 0 |
_aRU _bNLR _gpsbo |
|
| 801 | 1 |
_aRU _bELAR _2rusmarc |
|
| 852 |
_aNLR _j67-4/6649 |
||
| 942 | _cBOOK | ||
| 980 | _aNB | ||